000 nam a22 7a 4500
999 _c22954
_d22954
008 170125b xxu||||| |||| 00| 0 eng d
050 _aND 1262 .E3 1955
100 _aEgbert, Lyn.
245 _aFree brush designed /
_cLyn Egbert and Ruth Barnet.
260 _aNewYork :
_bLothrop, Lee & Sherpard Co, Inc,
_c1955.
300 _aix, 115p. :
_bill. ;
_c24cm.
500 _aInclude index.
650 _aDesign.
700 _aBarnett, Ruth.
942 _2lcc
_cBOOKS